Sevilla prehistórica (Record no. 40151)

MARC details
000 -LEADER
campo de control de longitud fija 00569nam a2200169 i 4500
001 - NÚMERO DE CONTROL
campo de control 40151
003 - IDENTIFICADOR DE NÚMERO DE CONTROL
campo de control ES-MaACL
005 - FECHA Y HORA DE LA ÚLTIMA TRANSACCIÓN
campo de control 20250717045530.0
007 - CAMPO FIJO DE DESCRIPCIÓN FÍSICA--INFORMACIÓN GENERAL
campo de control de longitud fija t|
008 - DATOS DE LONGITUD FIJA--INFORMACIÓN GENERAL
campo de control de longitud fija 030305s1895 sp ||||1| spa d
100 1# - ENTRADA PRINCIPAL--NOMBRE DE PERSONA
Nombre de persona Cañal y Migolla, Carlos.
9 (RLIN) 34729
245 10 - MENCIÓN DEL TÍTULO
Título Sevilla prehistórica
Resto del título : yacimientos prehistóricos de la provincia de Sevilla /
Mención de responsabilidad, etc. Carlos Cañal y Migolla ; con un prólogo del Marqués de Nadaillac.
260 ## - PUBLICACIÓN, DISTRIBUCIÓN, ETC.
Lugar de publicación, distribución, etc. Madrid :
Nombre del editor, distribuidor, etc. Fé,
Fecha de publicación, distribución, etc. 1895.
700 1# - ENTRADA AGREGADA--NOMBRE PERSONAL
Nombre de persona Du Pouget, Jean,
Fechas asociadas al nombre 1818-1904
9 (RLIN) 130379
852 ## - LOCALIZACIÓN
Ubicación ES-MaACL
Número de control de estantería T-1101-F-5
Holdings
Estatus retirado Estado de pérdida Estado de daño No para préstamo Colección Biblioteca de origen Biblioteca actual Ubicación en estantería Fecha de adquisición Fuente de adquisición Total de préstamos Signatura topográfica completa Código de barras Visto por última vez Precio de reemplazo Tipo de ítem Koha
        Colección de folletos Biblioteca del Ateneo de Madrid Biblioteca del Ateneo de Madrid Depósito folletos 17/01/2008     T-1101-F-5 1042273 23/02/2023 23/02/2023 Folleto